000 00581nam a2200205 i 4500
001 104647
003 ES-MaACL
005 20230906183645.0
007 t|
008 051207s1957 sp ||||1| spa d
100 1 _aMinter, L. F.
_981380
245 1 0 _aCómo titular un film amateur /
_cL. F. Minter; traducción de Luis Jordá.
260 _aBarcelona :
_bOmega,
_c1957.
300 _a151 p. ;
_c17 cm.
490 1 _aFoto biblioteca
700 1 _aJordá, Luis.
_966897
830 0 _aFoto biblioteca
_9181378
852 _aES-MaACL
_jC-12466
_bR.40688
999 _c104647
_d104647